|
|
|
|
| LEADER |
01278nam a2200361 a 4500 |
| 001 |
c000182743 |
| 003 |
CARM |
| 005 |
20050427144316.0 |
| 008 |
750514s1973 enka b 000 0 eng |
| 010 |
|
|
|a 75312490 //r914
|
| 015 |
|
|
|a GB74-03483
|
| 019 |
1 |
|
|a 266407
|5 LACONCORD2021
|
| 020 |
|
|
|a 0721009220 :
|c £3.00
|
| 020 |
|
|
|a 0721009220
|
| 035 |
|
|
|a (OCoLC)1366654
|5 LACONCORD2021
|
| 040 |
|
|
|a LC
|b eng
|c LC
|d LC
|
| 050 |
0 |
0 |
|a TH2416
|b .W53
|
| 050 |
1 |
4 |
|a TH2416
|b .W53
|
| 082 |
0 |
0 |
|a 695/.3
|
| 082 |
0 |
4 |
|a 695.30212
|
| 100 |
1 |
|
|a Wilby, C. B.
|q (Charles Bryan)
|
| 245 |
1 |
0 |
|a Reinforced concrete conoidal shell roofs :
|b flexural theory design tables /
|c [by] C. B. Wilby, M. M. Naqvi.
|
| 260 |
|
|
|a London :
|b Cement and Concrete Association,
|c 1973.
|
| 300 |
|
|
|a 87 p. :
|b ill. ;
|c 30 cm.
|
| 504 |
|
|
|a Bibliography: p. 87.
|
| 650 |
|
0 |
|a Roofs, Shell
|x Tables.
|
| 650 |
|
0 |
|a Reinforced concrete construction
|x Tables.
|
| 650 |
|
0 |
|a Roofing, Concrete
|x Tables.
|
| 700 |
1 |
|
|a Naqvi, Mohammad Matin,
|e joint author.
|
| 852 |
8 |
|
|b CARM
|h A1:AR30F0
|i D07799
|p 0255057
|f BK
|
| 866 |
|
0 |
|a Held
|
| 999 |
f |
f |
|i 9f1ece97-752e-500c-882d-5f713977c789
|s 5d70d018-93cd-53c6-815b-aaae876557a6
|
| 952 |
f |
f |
|p Can circulate
|a CAVAL
|b CAVAL
|c CAVAL
|d CARM 1 Store
|e D07799
|f A1:AR30F0
|h Other scheme
|i book
|m 0255057
|